00531nam a2200169Ia 450000500170000000800410001702000150005808200130007310000130008624500550009926000400015430000130019450000380020794200060024595200950025199900150034620250701160028.0240331s9999 xx 000 0 und d a9552057736 bHERa398 aHerath,K 0aAdyathana sinhala padya kawyehi nirupitha kanthawa aColombobS. Godage & Brothersc2003 a154 p ., aDepicted in modern Sinhala poetry cL 001040708LaWERCLbWERCLcSSCd2024-03-31l0o 398 HERp4928r2024-03-31w2024-03-31yL c5170d5170